[Event "Petrov Memorial op"]
[Site "St Petersburg"]
[Date "2000.02.13"]
[Round "6"]
[White "Genba, Vladimir"]
[Black "Lugovoi, Aleksei"]
[Result "0-1"]
[WhiteElo "2454"]
[BlackElo "2515"]
[Annotator "Finkel,A"]
[PlyCount "122"]
[EventDate "2000.02.05"]
[EventType "swiss"]
[EventRounds "9"]
[EventCountry "RUS"]
[SourceTitle "CBM 076"]
[Source "ChessBase"]
[SourceDate "2000.05.31"]
[SourceVersion "1"]
[SourceVersionDate "2000.05.31"]
[SourceQuality "1"]

1. e4 d6 2. d4 Nf6 3. Nc3 g6 4. g3 Bg7 5. Bg2 O-O 6. Nge2 Nbd7 7. O-O c5 8. h3
Rb8 9. Be3 (9. a4 b6 10. Bg5 (10. Be3 a6 11. Qd2 Re8 12. Rfd1 (12. Bh6 Bh8 13.
f4 cxd4 14. Nxd4 Bb7 15. Rae1 Qc7 16. Kh2 Rbd8 17. Nf3 Nc5 $132 {De la Villa
Garcia,J-Gulko,B/Pamplona9697}) 12... cxd4 13. Nxd4 Qc7 14. Kh2 Bb7 15. Nd5
Nxd5 16. exd5 Rbc8 17. Rac1 Nc5 18. b4 $14 {Gorbatow,A-Michalski,O/Polanica
Zdroj op 1996}) 10... a6 11. Qd2 Re8 12. Rfe1 cxd4 13. Nxd4 Bb7 14. Nd5 e6 15.
Nxf6+ Nxf6 16. Ra3 Qd7 17. Bh6 $14 {Aseev,K-Khalifman,A/Mikenas mem op 1997})
9... b6 10. a4 $5 {The character of position arising in this variation is very
similiar to the sicilian defense.} (10. Qd2 a6 11. Rad1 cxd4 12. Nxd4 Bb7 13.
Bh6 Nc5 14. Bxg7 Kxg7 15. Rfe1 Qd7 16. Qe3 Rfe8 17. Nb3 Nxb3 {1/2-1/2 Tukmakov,
V-Gulko,B/Leon 1992}) 10... cxd4 11. Bxd4 Bb7 (11... a6 12. Nd5 Bb7 13. c4 e6
14. Nxf6+ Nxf6 15. Nc3 Bc6 16. Qd3 Qc7 17. Rfd1 $14 {Gluzman,M-West,G/
Melbourne Masters 1993}) 12. a5 $5 (12. g4 a6 13. Ng3 h6 14. Re1 Rc8 $6 15.
Bxf6 exf6 16. Qxd6 Ne5 17. Qxd8 Rfxd8 18. Rad1 Rxd1 19. Rxd1 $14 {Markov,
J-Tkachiev,V/Isle of Man op 1996}) 12... Re8 13. axb6 axb6 14. Ra7 (14. Qd3 $5
Nc5 15. Qe3) 14... Qc8 15. g4 e5 $6 {Now the pawn on d6 becomes serious
weakness.} 16. Be3 Nc5 {[%csl Re4]} 17. Ng3 Ra8 $2 {This move is not so easy
to understand:black gives up the pawn on d6,getting nothing,but troubles in
return.Better was} (17... Rd8 18. g5 Ne8 19. Nd5 Bxd5 20. Qxd5 Nc7 21. Qc6 N7e6
22. Qxc8 Rbxc8 23. h4 $14 {with defendable position}) 18. Rxa8 Qxa8 19. Qxd6
Re6 20. Qd1 h5 ({Now black probably found out that the pawn on e4 is 'loaded':
} 20... Nfxe4 $2 21. Ngxe4 Nxe4 22. Nxe4 Bxe4 23. Bxe4 Qxe4 24. Qd8+ Bf8 25.
Bh6 Qb4 26. Ra1 $18 {[%cal Ga1a8] and white is winning.}) 21. Nd5 (21. Bxc5 $5
bxc5 22. gxh5 gxh5 23. Qf3 $16) 21... h4 $8 (21... Nxd5 22. exd5 Rd6 23. c4 $16
{[%cal Gb2b4,Gg3e4]}) 22. Nc7 Qc8 23. Nxe6 Nxe6 24. g5 $6 {White wants to give
something back!After simple} (24. Ne2 Nxe4 (24... Bxe4 25. Bxe4 Nxe4 26. f3 $18
) 25. Bxb6 f5 26. gxf5 gxf5 27. f4 $18 {black position is hopeless.}) 24... Nh7
25. Ne2 Nexg5 26. Nc3 $6 (26. Qd2 Nxe4 27. Qd3 Nhf6 28. Bxb6 $18) 26... Nxh3+
27. Kh2 Nf4 28. Nd5 Bxd5 29. exd5 Nxg2 30. Kxg2 Nf6 $16 {Now suddenly
everything is not so simple.} 31. Bg5 $5 (31. f3 $5) 31... h3+ 32. Kh1 Ne4 33.
Be7 (33. Be3 b5) 33... Qf5 34. Qe2 g5 35. c4 g4 36. Bh4 Nd2 37. Rd1 Nf3 38. Bg3
Nd4 39. Qd3 $1 (39. Qe3) 39... e4 40. Qf1 $2 {Decisive mistake.White still
could win the game after} (40. Qe3 $1 Bh6 (40... Kh7 41. Qf4 $1 $16) (40... Nc2
41. Qf4 Qxf4 42. Bxf4 $18) 41. f4 $3 exf3 42. Qxh6 f2 43. Qf4 Qxf4 44. Bxf4 Ne2
45. Kh2 $1 Nxf4 46. d6 Ne6 47. d7 Nd8 48. Rf1 $18) 40... e3 $1 $40 {Now
white's position turns to be defenseless} 41. fxe3 Qe4+ 42. Kg1 (42. Kh2 $2
Nf3+ 43. Kh1 Nd2+ $19) 42... Qxe3+ 43. Kh2 (43. Qf2 Ne2+ 44. Kh2 Qxf2+ 45. Bxf2
Be5+ 46. Kh1 g3 47. Bxg3 Nxg3+ $19) 43... Be5 44. Bxe5 Qxe5+ 45. Kh1 Qe4+ 46.
Kh2 Nf3+ 47. Kg3 Qe5+ {This move is winning by force.} (47... f5 $5) 48. Kf2
Qf4 49. Ke2 Qe4+ 50. Kf2 Qf4 51. Ke2 Nd4+ 52. Kd3 Qxf1+ 53. Rxf1 g3 $1 $19 54.
Rg1 (54. Kxd4 g2 55. Rg1 Kf8 $19) 54... g2 55. Ke3 Kf8 56. Kf2 h2 57. Kxg2
hxg1=Q+ 58. Kxg1 Nb3 59. Kf2 Nd2 60. b3 Nxb3 61. Ke3 Ke7 0-1

[Event "Cannes masters k.o."]
[Site "Cannes"]
[Date "2000.02.20"]
[Round "2.1"]
[White "Nisipeanu, Liviu Dieter"]
[Black "Kogan, Artur"]
[Result "0-1"]
[WhiteElo "2611"]
[BlackElo "2483"]
[Annotator "Finkel,A"]
[PlyCount "58"]
[EventDate "2000.02.19"]
[EventType "k.o."]
[EventRounds "5"]
[EventCountry "FRA"]
[SourceTitle "CBM 076"]
[Source "ChessBase"]
[SourceDate "2000.05.31"]
[SourceVersion "1"]
[SourceVersionDate "2000.05.31"]
[SourceQuality "1"]

1. e4 g6 2. d4 d6 3. Nc3 c6 4. Be3 Nf6 5. f3 Nbd7 6. Qd2 b5 7. O-O-O {The most
ambitious and dangerous continuation for both sides.As shows this game,if
white is uncautious he may very quickly find himself in the troubles.} (7. g4
Nb6 8. b3 Qc7 9. g5 Nh5 10. Nge2 b4 11. Nd1 a5 12. a3 bxa3 13. Rxa3 a4 14. Ng3
$14 {Prasad,D-McNab,C/Kuala Lumpur op 1992/1/2-1/2 (68)}) (7. a4 b4 8. Nce2 a5
9. g4 Nb6 10. b3 h5 11. g5 Nfd7 12. f4 Bb7 13. Bg2 c5 14. Nh3 Bg7 $13 {1-0 Van
der Wiel,J-Gurevich,M/Linares zt 1995 (60)}) 7... Nb6 8. g4 (8. Bd3 $5 b4 9.
Nce2 a5 10. g4 Qc7 11. g5 Nh5 12. Ng3 Nxg3 13. hxg3 $14) 8... b4 9. Nb1 a5 10.
Nh3 $6 {White's idea in this variation is to attack the position of the black
on the kingside,and as known it's better to do it with the pawns so better was}
(10. g5 Nfd7 11. h4 Bg7 12. h5 Bb7 13. Nh3 $36) 10... Qc7 11. a3 $6 Bg7 12. Bh6
(12. axb4 axb4 13. Qxb4 O-O (13... Ra1 $5) 14. Na3 Bb7 15. Nf4 Ra4 $44 {
[%cal Gf8a8]}) 12... O-O 13. Bxg7 Kxg7 14. axb4 $2 {Making another step in
wrong direction,an this one is really big!} (14. Nf2 c5 15. h4 cxd4 16. Qxd4
Qc5 17. Qxc5 dxc5 $11) 14... axb4 15. Qxb4 Ra1 $1 $40 16. Bd3 (16. Be2 Qa7 17.
Kd2 (17. Nf2 $2 c5 18. Qb3 cxd4 19. Rxd4 Nbd7 $1 $19 {[%cal Ga7f2,Ge7e5]})
17... Ra4 18. Qc3 Bxg4 $1 {[%csl Re4]} 19. Nf2 Bd7 $15) 16... c5 17. dxc5 (17.
Qc3 Na4 18. Qc4 Qa7 19. e5 dxe5 20. dxe5 Nd7 $36) 17... dxc5 18. Qe1 (18. Qc3
Na4 19. Qb3 Be6 20. Bc4 Rb8 $19) 18... c4 19. Qc3 (19. Bf1 Qa7) 19... Qa7 $1
$19 {Very nice touch.Now white can't save a piece and the game ends up pretty
soon.} 20. Be2 (20. Bxc4 Nxc4 21. Qxc4 Qe3+ 22. Rd2 Be6 $1 $19 {[%cal Ge6a2]})
20... Qa2 21. Kd2 Rd8+ 22. Ke3 Rxd1 23. Rxd1 Rxb1 24. Rxb1 Qxb1 25. Qd4 (25. g5
Bxh3 $19) 25... c3 $5 26. Qxc3 (26. Qxb6 cxb2 {[%cal Gb1c1,Gb2b1]}) 26... h5 $1
27. Qd4 hxg4 28. fxg4 Qe1 29. Qxb6 Bxg4 0-1

[Event "Novak Nikolic Memorial 2nd"]
[Site "Belgrade"]
[Date "2000.02.11"]
[Round "9"]
[White "Damljanovic, Branko"]
[Black "Solak, Dragan"]
[Result "1-0"]
[WhiteElo "2534"]
[BlackElo "2515"]
[Annotator "Finkel,A"]
[PlyCount "95"]
[EventDate "2000.02.02"]
[EventType "tourn"]
[EventRounds "11"]
[EventCountry "YUG"]
[EventCategory "11"]
[SourceTitle "CBM 076"]
[Source "ChessBase"]
[SourceDate "2000.05.31"]
[SourceVersion "1"]
[SourceVersionDate "2000.05.31"]
[SourceQuality "1"]

1. Nf3 g6 2. e4 Bg7 3. d4 d6 4. Bc4 c6 5. Bb3 Nf6 6. Nbd2 O-O 7. O-O Na6 $5 {
This variation is slightly favourable for white and the last move of black
doesnt question this evaluation.} (7... d5 8. Qe2 Bg4 9. c3 e6 10. e5 Nfd7 11.
h3 Bxf3 12. Nxf3 c5 13. h4 cxd4 14. cxd4 $14 {Klinger,J-Schlosser,M/AUT-ch 1993
}) (7... Bg4 8. Re1 e5 (8... Nbd7 9. h3 Bxf3 10. Nxf3 e5 11. dxe5 Nxe5 12. Nxe5
dxe5 13. Qf3 Nd7 14. Rd1 Kh8 15. h4 $5 $14 {Vorotnikov,V-Cherniaev,A/Moscow
op2 1995}) 9. c3 exd4 10. cxd4 d5 11. e5 Ne8 12. h3 Be6 13. Nf1 Qc8 14. Ng5 $14
{Damljanovic,B-Harholm,J/Ibercaja op 1994}) (7... b5 8. Re1 a5 9. a3 Na6 10. c3
a4 11. Ba2 Nc7 12. c4 bxc4 13. Nxc4 $14 {Cvitan,O-Mowsziszian,K/Cappelle op
1997}) 8. Re1 Nc7 (8... Re8 9. e5 Nd5 (9... dxe5 10. Nxe5 e6 11. Ndf3 c5 12.
Bg5 $14) 10. c3 Nac7 11. Qe2 $14) 9. c3 Nd7 10. Nf1 e5 11. Bg5 $5 (11. Ng3 $14)
11... Bf6 12. Be3 $14 {White has significient advantage in space,and what is
even more important black fails to create counterplay.} Re8 13. Ng3 Qe7 14. a4
h5 $5 15. h3 (15. Bc2 $5 Nb6 16. b3 Bg4 17. h3 Bxf3 18. Qxf3 Bg5 19. a5 $14)
15... Nf8 16. Qd2 Be6 17. Bc2 (17. d5 cxd5 18. exd5 Bd7 19. Bc2 Bg7 20. b4 f5
21. c4 $14) 17... Bg7 18. Rad1 f6 19. b3 $5 {Finding an interesting plan to
transfer the queen to a3 and then to push the pawns on the queenside.} Na6 20.
Qc1 $5 {[%cal Gc1a3,Gb3b5]} Qc7 21. Qa3 Nd7 22. b4 (22. c4 $6 c5 $1 23. d5 Bf7
24. Bd2 Rf8 25. a5 $14) 22... Nb6 {[%csl Rc4]} 23. Nd2 Bf7 24. b5 Nb8 25. bxc6
bxc6 ({May be better was} 25... Nxc6 26. d5 (26. a5 Nc4 27. Nxc4 Bxc4 28. Ra1
h4 29. Ne2 Ne7 30. Qb4 $14) 26... Na5 27. Bd3 Rac8 28. Rc1 $14) 26. f4 $1 Nc4
27. Nxc4 Bxc4 28. f5 $16 g5 (28... exd4 29. cxd4 d5 30. Bf2 $16) 29. Nf1 $6 ({
Why not} 29. Nxh5 $5 $16) 29... Bf8 (29... Nd7 30. dxe5 dxe5 31. Qd6 $5 {
[%csl Rc6]} Qxd6 32. Rxd6 Nb8 33. Nd2 $16) 30. Nd2 d5 $6 (30... Bf7) 31. Qb2
exd4 32. cxd4 Ba6 33. e5 $5 $36 c5 $6 ({Much more persistant was} 33... fxe5
34. dxe5 Qxe5 35. Qxe5 Rxe5 36. Nf3 Re8 37. Bxg5 $14 {with good chanses to
hold the arising endgame.}) 34. e6 (34. exf6 $5) 34... Qb7 $6 {Practicaly
signing the resignation!} (34... c4 $8) 35. Qxb7 Bxb7 36. dxc5 Na6 37. Nb3 Rac8
38. Bd3 Nxc5 39. Nxc5 Bxc5 40. Bxc5 Rxc5 41. Bb5 Re7 42. Rc1 Rxc1 43. Rxc1 $18
{[%cal Gg1d4]} g4 (43... d4 44. Kf2 h4 45. Bd3 Kf8 46. Rc4 Re8 47. Rxd4 $18)
44. hxg4 hxg4 45. Kf2 d4 46. Bd3 $1 Kf8 47. Kg3 Ke8 48. Rc4 1-0

[Event "Corus-B"]
[Site "Wijk aan Zee"]
[Date "2000.01.20"]
[Round "3"]
[White "Tiviakov, Sergei"]
[Black "Delemarre, Jop"]
[Result "1-0"]
[WhiteElo "2567"]
[BlackElo "2354"]
[Annotator "Finkel,A"]
[PlyCount "69"]
[EventDate "2000.01.18"]
[EventType "tourn"]
[EventRounds "11"]
[EventCountry "NED"]
[EventCategory "11"]
[SourceTitle "CBM 075"]
[Source "ChessBase"]
[SourceDate "2000.04.05"]
[SourceVersion "1"]
[SourceVersionDate "2000.04.05"]
[SourceQuality "1"]

1. e4 d6 2. d4 Nf6 3. Nc3 g6 4. Bg5 Bg7 (4... c6 5. f4 Bg7 6. Nf3 O-O 7. Qd2 d5
$6 8. Bxf6 exf6 9. O-O-O Bg4 10. exd5 cxd5 11. Be2 Nc6 12. h3 $14 {[%csl Rd5,
Rg7] Tiviakov,S-Hodgson,JM/Belgrade/1993}) 5. Qd2 (5. f4 O-O 6. Qd2 c6 7. Bd3
b5 8. O-O-O b4 9. Nce2 Qa5 10. Kb1 c5 $132 {Plaskett,J-Watson,W/London WFW/1991
}) 5... c6 6. f4 b5 (6... Nh5 7. Bc4 Nd7 8. a4 Nb6 9. Bb3 d5 10. a5 Nc4 11.
Bxc4 dxc4 12. Nge2 f6 $132 {Winants,L-Gurevich,M/Tel-Aviv/1989}) 7. Bd3 O-O 8.
Nf3 Bg4 (8... b4 9. Ne2 a5 10. e5 Nd5 11. Ng3 h6 12. Bh4 Ba6 $13 {Podkriznik,
G-Barczyczyn,K/Bled/1993}) (8... Nbd7 9. O-O b4 10. Ne2 c5 11. f5 c4 12. Bxc4
Nxe4 13. Qf4 Nef6 14. fxg6 hxg6 $13 {Heidl,G-Sarno,S/Lugano op/1989}) 9. O-O-O
$5 {[%cal Ge4e5,Gf4f5] Flexible move:white keeps an option to play as e5 as f5.
} (9. e5 $5 b4 $1 10. Ne2 (10. exf6 $6 exf6 11. Bh4 bxc3 12. Qxc3 Bxf3 13. gxf3
Re8+ $40) 10... Bxf3 11. gxf3 {[%csl Rf3,Rf4]} Nd5 12. Bc4 a5 13. O-O-O $36 {
Ulibin,M-Zakharevich,I/RUS-ch 1995}) (9. O-O Qb6 10. Ne2 Nbd7 11. c3 d5 12. e5
Ne4 13. Qe3 f6 14. Bh4 $14 {Kosashvili,Y-Beim,V/Rishon le Zion/1994}) 9... b4
$6 (9... Qc7 10. e5 Nh5 11. h3 $6 Bxf3 12. gxf3 f6 13. exf6 exf6 14. Bh4 Bh6
15. Ne2 d5 $17 {[%csl Rf4] Zalan,J-Monori,Z/HUN-chT2 1993}) (9... Nbd7 10. h3
Bxf3 11. gxf3 Qa5 12. Kb1 Nb6 $2 13. Nd5 $1 $16 {Norwood,D-Beaumont,C/BCF-ch
1989}) 10. Ne2 a5 11. f5 $1 $36 {After this move white gets very dangerous
initiative.} d5 ({Even worse is} 11... gxf5 12. exf5 Bxf3 13. gxf3 Kh8 14. Rhg1
Nbd7 15. Rg3 $16 {and it's difficult to stop white's attack.}) 12. Bxf6 $1 exf6
$6 ({More persistant was} 12... Bxf6 13. e5 Bg7 14. Qf4 gxf5 15. Bxf5 Bxf5 16.
Qxf5 $14 {,but also in this case black is in danger.}) 13. Qf4 Bxf3 14. gxf3
Nd7 15. h4 {White just has to make the most natural moves to increase the
pressure,while black's attempts on the queenside are still far from be any
danger for white king.} Qb8 16. Qe3 Re8 17. h5 $16 a4 (17... gxf5 18. h6 $5 Bf8
(18... fxe4 19. Qg1 $1 $18) 19. e5 $1 Ra7 20. Qf4 $16 {[%cal Gf4f5]}) 18. hxg6
fxg6 19. fxg6 hxg6 20. Rdg1 Nf8 21. Nf4 $18 b3 (21... g5 22. Nh5 Ra7 23. f4 $1
$18) 22. cxb3 axb3 23. a3 Qd6 $5 {The last desparate attempt to create
something} 24. Nxg6 Rxa3 $8 25. bxa3 Qxa3+ 26. Kd1 Nxg6 27. Rxg6 Qa1+ 28. Qc1
Qxd4 (28... b2 29. Qb1 Qa4+ 30. Ke2 $18) 29. Ke2 Ra8 30. Bb1 $1 ({There is no
need in} 30. Rxg7+ $6 Kxg7 31. Qh6+ Kf7 32. Qh7+ Ke6 33. exd5+ Kd6 {and the
things are not so clear.}) 30... Ra7 31. Qxc6 Qb2+ 32. Ke3 d4+ 33. Kd3 Kf7 34.
Rhg1 Bf8 35. Rxf6+ 1-0

[Event "Copenhagen CU 75th"]
[Site "Copenhagen"]
[Date "2002.02.09"]
[Round "1"]
[White "Ward, Christopher"]
[Black "Mortensen, Erling"]
[Result "1-0"]
[WhiteElo "2486"]
[BlackElo "2441"]
[Annotator "Finkel,A"]
[PlyCount "81"]
[EventDate "2002.02.09"]
[EventType "tourn"]
[EventRounds "9"]
[EventCountry "DEN"]
[EventCategory "9"]
[SourceTitle "CBM 088"]
[Source "ChessBase"]
[SourceDate "2002.03.21"]
[SourceVersion "1"]
[SourceVersionDate "2002.03.21"]
[SourceQuality "1"]

1. d4 d6 2. e4 Nf6 3. f3 {A ploy often used by players who employ the Saemisch
Variation against the King's Indian as after 3...g6, White would play 4.c4.} d5
4. e5 (4. Nc3 dxe4 5. Bg5 $5 exf3 6. Nxf3 e6 7. Bd3 Be7 8. O-O Nc6 9. Kh1 Nb4
10. Ne5 O-O $5 11. Bxf6 Bxf6 12. Bxh7+ Kxh7 13. Qh5+ Kg8 14. Ne4 g6 15. Nxg6
fxg6 16. Qxg6+ Bg7 17. Ng5 Rf6 18. Qh7+ Kf8 19. Qg6 Kg8 $10 {Ward,C-Hodgson,J/
BCF-ch Dundee/1993/}) 4... Ng8 (4... Nfd7 5. f4 c5 6. Nf3 Nc6 7. Be3 $1 cxd4 8.
Nxd4 Nxd4 9. Bxd4 Nb8 10. Nc3 Nc6 11. Bb5 e6 12. a3 Bd7 13. Bxc6 Bxc6 $2 14.
O-O g6 15. Qd2 $16 {Gelfand,B-Adams,M Wijk aan Zee 1994.}) 5. c4 {The most
ambitious and dangerous for black reply.} (5. c3 c5 6. f4 cxd4 7. cxd4 Nc6 8.
Nc3 Nh6 $1 9. Be2 Nf5 10. Nf3 e6 11. a3 Bd7 $13 {Gofshtein,L-Beim,V/Tel Aviv/
1992/}) (5. Be3 e6 6. f4 Nh6 7. Nd2 Nf5 8. Bf2 h5 9. Bd3 Be7 10. Ne2 g6 11. c3
b6 12. O-O Qd7 13. Nf3 Ba6 14. Bc2 Kf8 $13 {Ionescu,C-Varga,Z/zt 1.4 2000})
5... Nc6 $6 (5... e6 6. cxd5 (6. Nc3 dxc4 (6... Nc6 7. Be3 Nge7 8. Qd2 Nf5 9.
cxd5 Nxe3 10. Qxe3 exd5 11. Bd3 Nb4 12. Nge2 Nxd3+ 13. Qxd3 $14 {Rosen,
W-Shabanov,Y/Gladenbach 1999/EXT 2001}) 7. Be3 Nd7 8. Qa4 (8. f4 Nb6 9. Bxc4
Nxc4 10. Qa4+ Bd7 11. Qxc4 Bc6 12. Nf3 Ne7 $17) 8... Ne7 9. Bxc4 Nf5 10. Bf2 c6
$1 $132 {Van der Sterren,P-Speelman,J/Moscow olm 1994}) 6... exd5 7. Nc3 Nc6 (
7... Bb4 8. Bd3 Ne7 $13) 8. f4 Nh6 9. Be2 Nf5 10. Nf3 h5 11. a3 a5 12. Qd3 Be6
13. O-O Be7 $13 {Matthiesen,A-Skytte,R/Aarhus 1998/EXT 2000}) (5... dxc4 6.
Bxc4 e6 (6... Nc6 7. Ne2 e6 8. O-O Nge7 9. Be3 Nf5 10. Bf2 Be7 11. Nbc3 O-O 12.
a3 Kh8 13. Qd3 $14 {Andrianov,N-Beim,V/Rishon le Zion 1993}) 7. f4 (7. Ne2 Ne7
8. Be3 c5 9. dxc5 Qxd1+ 10. Kxd1 Nd7 11. Bb5 Nc6 12. Nbc3 Ndxe5 13. Kc2 Bd7 $13
{Dreev,A-Kotsur,P/Open 1999}) 7... Nd7 (7... Ne7 8. Nf3 Nbc6 9. Nc3 {1/2-1/2
Psakhis,L-Beim,V/Herzliya 1993}) 8. Nf3 Nb6 9. Bb3 Bd7 10. f5 $5 $36 {
Kortschnoj,V-Efimov,I/Istanbul 2000/EXT 2001}) (5... c6 6. Nc3 h5 $6 (6... Be6
$6 7. c5 g6 8. b4 Nd7 9. Nge2 Qc7 10. Nf4 $16 {Ward,C-Trygstad,K/Politiken Cup
1999}) (6... e6 $5) (6... e6 $5) 7. Bd3 g6 $6 8. Nge2 Nh6 9. Bg5 Nf5 (9... Bf5
$2 10. cxd5 cxd5 11. Bxf5 Nxf5 12. Qb3 $16 {[%cal Gb3d5,Gb3b7]}) 10. Qb3 $16 {
Yevseev,D-Vorotnikov,V/RUS-ch KO 1999}) 6. Be3 e6 7. cxd5 exd5 (7... Qxd5 8.
Nc3 Qd8 9. Bd3 (9. Bc4 $6 {[%csl Rc4]} Nxe5 10. dxe5 Qh4+ 11. Bf2 Qxc4 $15)
9... Nge7 10. Nge2 $14) 8. Nc3 Bb4 9. Bd3 Nge7 10. Nge2 ({Doesn't work} 10. Qc2
$6 {[%csl Gf5]} Ba5 $1 {[%cal Gc6b4]} 11. a3 Bb6 12. Nge2 $6 Nxe5 $1 $17 {
[%cal Gb6e3]}) 10... Ba5 11. O-O Bb6 $132 12. Bf2 Bf5 13. Bb5 $5 {It's
important for white to keep the bishops on the board.} O-O 14. g4 Be6 (14...
Bg6 15. f4 f5 16. exf6 $5 Rxf6 17. Bh4 Rf8 18. f5 Bf7 19. Bxc6 bxc6 20. Na4 $5
$14 {[%cal Ge2f4,Gf1e1]}) 15. Nf4 (15. Ng3 f6 $13 16. f4 $140 $6 fxe5 $1 17.
fxe5 Rxf2 18. Kxf2 Bxd4+ $15) 15... Qd7 16. Nh5 $5 Kh8 17. Na4 Ng8 18. Nxb6
axb6 19. Bh4 $1 $14 {Intending if not to prevent ...f5, then at least to spoil
black's pawn structure.} f5 (19... Qc8 {[%cal Gc6e7,Ge7g6]}) 20. exf6 Nxf6 21.
Nxf6 gxf6 22. Qd2 Qg7 23. Bxc6 $1 bxc6 24. Kh1 Rae8 (24... c5 25. dxc5 (25.
Rfe1 $5) 25... bxc5 26. Qe3 Qe7 27. Rfe1 Rae8 $14) 25. b4 $1 {[%csl Gc5][%cal
Ga2a7]} Bc8 (25... f5 26. Bg3 $1 $36 {[%cal Gg3e5]}) 26. Rae1 Ba6 $6 (26... f5
$8 27. Bg3 fxg4 28. Be5 Rxe5 29. dxe5 gxf3 $132) 27. Rxe8 Rxe8 28. Re1 Rxe1+
29. Qxe1 $16 {[%csl Rc7,Rf6] The endgame is extremly difficult for black due
to the numerus weaknesses.} Qf7 30. Qe3 Kg7 31. a4 h6 32. Kg2 f5 $2 (32... Bc4)
33. Qe5+ Kg6 34. gxf5+ Qxf5 35. Qe8+ Qf7 (35... Kh7 36. Qxc6 Qg6+ 37. Qxg6+
Kxg6 38. Bd8 $18) 36. Qxc6+ Kg7 37. b5 Bc8 38. Bg3 $18 {[%csl Rc7]} Bf5 39.
Qxc7 Qxc7 40. Bxc7 Bc2 41. a5 $1 1-0

[Event "Biel GM"]
[Site "Biel"]
[Date "2000.07.26"]
[Round "3"]
[White "Milov, Vadim"]
[Black "Gallagher, Joseph G"]
[Result "1-0"]
[WhiteElo "2626"]
[BlackElo "2514"]
[Annotator "Finkel,A"]
[PlyCount "77"]
[EventDate "2000.07.24"]
[EventType "tourn"]
[EventRounds "10"]
[EventCountry "SUI"]
[EventCategory "16"]
[SourceTitle "CBM 079"]
[Source "ChessBase"]
[SourceDate "2000.11.21"]
[SourceVersion "1"]
[SourceVersionDate "2000.11.21"]
[SourceQuality "1"]

1. d4 d6 2. e4 Nf6 3. Nc3 g6 4. g3 Bg7 5. Bg2 O-O 6. Nge2 e5 7. h3 (7. O-O Nc6
8. dxe5 dxe5 9. Bg5 Be6 10. Nd5 Bxd5 11. exd5 Ne7 12. c4 h6 13. Bd2 Nf5 $13 {
Hansen,Cu-Hoi,C/DEN-ch Vejle/1982}) 7... Nc6 8. Be3 Bd7 (8... exd4 9. Nxd4 Bd7
10. O-O Re8 11. Re1 a6 12. f4 Rb8 13. Qd2 Nxd4 14. Bxd4 Bc6 15. Rad1 $14 {
Galdunts,S-Hoffmann,R/Tournoi de Maitres 1998}) 9. O-O a6 10. f4 {This is one
of the main lines of variation with 4.g3 leading to very complicated struggle
with mutual chances.} (10. Re1 b5 $132) (10. a4 exd4 11. Nxd4 Re8 12. Re1 Nb4
$1 13. g4 c5 14. Nde2 Bc6 15. Ng3 b6 16. g5 Nd7 $13 {Svidler,P-Hennigan,M/
Oakham/1992}) 10... exd4 11. Nxd4 Re8 {><e4} 12. Re1 Na5 (12... Nxd4 $5 13.
Bxd4 c5 14. Bxf6 Bxf6 15. Qxd6 Bd4+ 16. Kh2 Re6 17. Qd5 Rb6 $1 18. Ne2 Bc6 19.
Qxd8+ Rxd8 20. Nxd4 Rxd4 21. b3 Rd2 22. Rac1 Rb4 23. Kg1 Rbd4 24. Bh1 Kf8 $44 {
Byrne,R-Christiansen,L/USA-ch/1984/}) 13. Bf2 (13. b3 $6 c5 14. Nde2 Bc6 15.
Qd3 b5 $36) (13. Qd3 c5 14. Nde2 b5 $5 $36 15. Qxd6 $140 $2 Nc4 16. Qxc5 Rc8
17. Qa7 Rc7 18. Qd4 Nxe4 19. Qd3 Nxb2 $19) 13... c5 14. Nf3 (14. Nb3 Nc4 15. e5
$1 $8 dxe5 16. fxe5 Nxe5 (16... Rxe5 17. Rxe5 Nxe5 18. Nxc5 Bc6 19. Nxb7 $1
Qxd1+ 20. Rxd1 Bxb7 21. Bxb7 Rb8 22. Bxa6 Rxb2 23. Bd3 $14) 17. Nxc5 Qc7 18.
Nxd7 $14 {Solozhenkin,E-Svidler,P/St.Petersburg-ch 1995}) 14... Bc6 15. Nd2 $5
{This logical move seems to be a novelty,but also after it black has very good
counterchanses.} (15. e5 dxe5 (15... Bxf3 16. Qxf3 dxe5 17. Bxc5 Qc7 (17... Qc8
18. Bb6 Nc4 19. fxe5 Nd7 20. Bd4 Ndxe5 $13 {Waitzkin,J-Benjamin,J/USA-ch 1995})
18. Qf2 Nd7 19. Bb4 Nf6 20. fxe5 Rxe5 21. Rxe5 Qxe5 22. Re1 Qg5 23. Be7 Nc6 $13
{Waitzkin,J-Lorscheid,G/Budapest FS06 GM 1997}) 16. Nxe5 Bxg2 17. Kxg2 (17.
Qxd8 Raxd8 18. Kxg2 Nd5 $1 $10) 17... Qb6 (17... Qc7 18. Qf3 Rad8 19. Rad1 b5
20. b3 Bf8 21. g4 Rxd1 22. Rxd1 Rd8 23. Bh4 Rxd1 24. Qxd1 Be7 25. Kg3 Kg7 {
1/2-1/2 Peredy,F-Roemer,U/Liechtenstein op 1998}) 18. Na4 Qb5 19. Nxc5 Qxb2 20.
Rb1 Qa3 21. Nxb7 Nxb7 22. Rxb7 $14 {Ferretti,F-Belotti,B/Montecatini Terme op
1995}) 15... b5 16. a3 Nd7 (16... d5 17. e5 Nh5 18. Bf3 d4 19. Nce4 Qd7 20.
Bxh5 gxh5 21. Qxh5 $16) 17. Qf3 Nb7 18. Rab1 {[%csl Gb2]} a5 19. Nd5 Bxd5 20.
exd5 Rxe1+ 21. Bxe1 c4 $6 {More in the spirit of the position was} (21... a4 $5
22. Bf2 c4 23. Ne4 Nf6 24. Nc3 Qd7 $132 {with mutual chanses.}) 22. b4 $1 {
[%csl Rb7]} axb4 (22... cxb3 23. Qxb3 $16 {[%csl Rb5]}) 23. axb4 Ra2 24. c3 Qe7
25. g4 f5 $2 {Only after this careless move black finds himself in serious
troubles:the pawn on f5 becomes a target for white pieces,while black's
attempte to create something on the queenside fail.} (25... Nb6 26. Nf1 Na4 27.
Ng3 Rc2 $132 {[%csl Rc3][%cal Ga4b2,Gb2d3]}) 26. gxf5 gxf5 27. Nf1 Qf7 (27...
Re2 28. Bf2) 28. Ng3 Nb6 29. h4 $1 {[%cal Gg2h3]} Nd8 $6 (29... Nc8 30. Bh3 Ne7
31. Rd1 Qf6) 30. Rc1 Na4 31. Bh3 Qa7+ 32. Kh1 Nf7 33. Nxf5 $18 Bf6 34. Ng3 Nh6
35. Ne4 Qe7 36. Bf2 $1 {[%csl Rg8][%cal Gc1g1]} Bxh4 37. Bd4 Kf8 38. Rg1 Qf7
39. Be6 1-0